1453 1094 1042 1451 1791 1486 1752 1735 1383 1957 1669 1350 1154 1996 1258 1366 1827 1955 1608 1080 1785 1537 1858 1136 1641 1831 1503 1914 1899 1491 1570 1868 1317 1265 1229 1324 1913 1549 1133 1011 1780 1083 1022 1940 1906 1078 1288 1871 1769 1531 1482 1011 1716 1164 1246 1624 1017 1307 1705 1961 1677 1085 1986 1570 1092 1753 1957 1969 1324 1522 1308 1596 1853 1365 1150 1167 1366 1792 1208 1105 1463 1875 1622 1091 1976 1516 1759 1610 1015 1168 1302 1993 1588 1018 1146 1096 1983 1028 1815 BCNSPRNW ULIB Ver.6.0+V

เปลี่ยนเป็นภาษาไทย

Change to English
 แสดงรายละเอียดบรรณานุกรม
  กลับหน้าหลัก

Brief Record : Get Marc (ISO 2709) : E-mail record : QR code < ปิดหน้าต่าง
LEADER : 00000nam 2200000uu 4500
001    13399120884
003     ULIB
008    121022s2549||||th 000 0 tha d
099    วจ.HF5549^bส813อ
100 0  สุนทรา โตบัว และอารีย์ แสงรัศมี
245 00 องค์ประกอบและปัจจัยที่มีอิทธิพลต่อคุณภาพชีวิตการทำงานของอาจารย์พยาบาลสังกัดสถาบันพระบรมราชชนก/^cสุนทรา โตบัว และอารีย์ แสงรัศมี
246 0  Factors analysis and factors affecting quality of working life in nurse instructors at Praboromarajachanok institute
260    นนทบุรี:^bวิทยาลัยพยาบาลบรมราชชนนีนพรัตน์ วิชิระ,^c2549
300    78 แผ่น
650  7 คุณภาพชีวิตการทำงาน^xวิจัย
650  7 อาจารย์พยาบาล^xวิจัย
945    ^p0^l0^i032858
999    ^aใช้งานได้ทุกระบบ
รายการนี้ยังไม่มีแท็ก
คุณยังไม่ได้ล็อกอิน คุณสามารถมีกิจกรรมร่วมกับเว็บไซต์ได้ แต่ต้องล็อกอินก่อน ::
  ล็อกอิน

รายการสื่อสารสนเทศ

ลำดับที่ ประเภท เลขเรียก/บาร์โค้ด สถานที่ สถานะ
1. งานวิจัย
งานวิจัย
วจ.HF5549 ส813อ  
  Barcode: 032858
ห้องสมุดวิทยาเขตสวรรค์ประชารักษ์
►วิจัย
บนชั้น

BibComment


ยังไม่เคยถูกคอมเมนท์

คอมเมนท์ทรัพยากรรายการนี้
  คอมเมนท์: องค์ประกอบและปัจจ..


 Copyright 2026. Bcnsprnw @Library